Turkish Super League Top 4 - Statistics

General Stats
  • This quiz has been taken 317 times
  • The average score is 65 of 66
Answer Stats
Season 1st 2nd 3rd 4th % Correct
2023-2024 Galatasaray Fenerbahçe Trabzonspor Istanbul Başakşehir
100%
2022-2023 Galatasaray Fenerbahçe Beşiktaş Adana Demirspor
100%
2018-2019 Galatasaray Istanbul Başakşehir Beşiktaş Trabzonspor
100%
2017-2018 Galatasaray Fenerbahçe Istanbul Başakşehir Beşiktaş
100%
2014-2015 Galatasaray Fenerbahçe Beşiktaş Basaksehir
100%
2012-2013 Galatasaray Fenerbahçe Beşiktaş Bursaspor
100%
2011-2012 Galatasaray Fenerbahçe Trabzonspor Beşiktaş
100%
2007-2008 Galatasaray Fenerbahçe Beşiktaş Sivasspor
100%
2005-2006 Galatasaray Fenerbahçe Beşiktaş Trabzonspor
100%
2001-2002 Galatasaray Fenerbahçe Beşiktaş MKE Ankaragücü
100%
1999-2000 Galatasaray Beşiktaş Gaziantepspor Fenerbahçe
100%
1998-1999 Galatasaray Beşiktaş Fenerbahçe Trabzonspor
100%
1997-1998 Galatasaray Fenerbahçe Trabzonspor Istanbulspor
100%
1996-1997 Galatasaray Beşiktaş Fenerbahçe Trabzonspor
100%
1993-1994 Galatasaray Fenerbahçe Trabzonspor Beşiktaş
100%
1992-1993 Galatasaray Beşiktaş Trabzonspor Kocaelispor
100%
1987-1988 Galatasaray Beşiktaş Malatyaspor Samsunspor
100%
1986-1987 Galatasaray Beşiktaş Samsunspor Trabzonspor
100%
1972-1973 Galatasaray Fenerbahçe Eskişehirspor MKE Ankaragücü
100%
1971-1972 Galatasaray Eskişehirspor Fenerbahçe Beşiktaş
100%
1970-1971 Galatasaray Fenerbahçe Göztepe Eskişehirspor
100%
1968-1969 Galatasaray Eskişehirspor Beşiktaş Fenerbahçe
100%
1962-1963 Galatasaray Beşiktaş Fenerbahçe Altay
100%
1961-1962 Galatasaray Fenerbahçe Beşiktaş Altay
100%
2013-2014 Fenerbahçe Galatasaray Beşiktaş Trabzonspor
99%
2010-2011 Fenerbahçe Trabzonspor Bursaspor Gaziantepspor
99%
2006-2007 Fenerbahçe Beşiktaş Galatasaray Trabzonspor
99%
2004-2005 Fenerbahçe Trabzonspor Galatasaray Beşiktaş
99%
2003-2004 Fenerbahçe Trabzonspor Beşiktaş Gaziantepspor
99%
2000-2001 Fenerbahçe Galatasaray Gaziantepspor Beşiktaş
99%
1995-1996 Fenerbahçe Trabzonspor Beşiktaş Galatasaray
99%
1988-1989 Fenerbahçe Beşiktaş Galatasaray Sarıyer
99%
1984-1985 Fenerbahçe Beşiktaş Trabzonspor MKE Ankaragücü
99%
1982-1983 Fenerbahçe Trabzonspor Galatasaray Boluspor
99%
1977-1978 Fenerbahçe Trabzonspor Galatasaray Adanaspor
99%
1974-1975 Fenerbahçe Galatasaray Eskişehirspor Adanaspor
99%
1973-1974 Fenerbahçe Beşiktaş Boluspor Eskişehirspor
99%
1969-1970 Fenerbahçe Eskişehirspor Altay Mersin Idman Yurdu
99%
1967-1968 Fenerbahçe Beşiktaş Galatasaray Göztepe
99%
1964-1965 Fenerbahçe Beşiktaş Galatasaray Göztepe
99%
1963-1964 Fenerbahçe Beşiktaş Galatasaray MKE Ankaragücü
99%
1960-1961 Fenerbahçe Galatasaray Beşiktaş Beykoz
99%
1959 Fenerbahçe Galatasaray Vefa Beşiktaş
99%
2020-2021 Beşiktaş Galatasaray Fenerbahçe Trabzonspor
98%
2016-2017 Beşiktaş Istanbul Başakşehir Fenerbahçe Galatasaray
98%
2015-2016 Beşiktaş Fenerbahçe Konyaspor Istanbul Başakşehir
98%
2008-2009 Beşiktaş Sivasspor Trabzonspor Fenerbahçe
98%
2002-2003 Beşiktaş Galatasaray Gençlerbirliği Gaziantepspor
98%
1994-1995 Beşiktaş Trabzonspor Galatasaray Fenerbahçe
98%
1991-1992 Beşiktaş Fenerbahçe Galatasaray Trabzonspor
98%
1990-1991 Beşiktaş Galatasaray Trabzonspor Sarıyer
98%
1989-1990 Beşiktaş Fenerbahçe Trabzonspor Galatasaray
98%
1985-1986 Beşiktaş Galatasaray Samsunspor Sarıyer
98%
1981-1982 Beşiktaş Trabzonspor Fenerbahçe Zonguldakspor
98%
1966-1967 Beşiktaş Fenerbahçe Galatasaray Göztepe
98%
1965-1966 Beşiktaş Galatasaray Gençlerbirliği Fenerbahçe
98%
1959-1960 Beşiktaş Fenerbahçe Galatasaray Izmirspor
98%
2021-2022 Trabzonspor Fenerbahçe Konyaspor Istanbul Başakşehir
98%
1983-1984 Trabzonspor Fenerbahçe Galatasaray Beşiktaş
98%
1980-1981 Trabzonspor Adanaspor Galatasaray Gaziantepspor
98%
1979-1980 Trabzonspor Fenerbahçe Zonguldakspor Bursaspor
98%
1978-1979 Trabzonspor Galatasaray Fenerbahçe Orduspor
98%
1976-1977 Trabzonspor Fenerbahçe Altay Beşiktaş
98%
1975-1976 Trabzonspor Fenerbahçe Galatasaray Adanaspor
98%
2019-2020 Istanbul Başakşehir Trabzonspor Beşiktaş Sivasspor
96%
2009-2010 Bursaspor Fenerbahçe Galatasaray Beşiktaş
93%
No matching quizzes found
Score Distribution
Percent of People with Each Score
Percentile by Number Answered
Your Score History
You have not taken this quiz